|
|
|
|
| LEADER |
00000nab a2200000 a 4500 |
| 001 |
vtls000659593 |
| 003 |
SK-MaSNL |
| 005 |
20260302183628.0 |
| 008 |
180206c1998 xo 0 slo |
| 015 |
|
|
|a SNBRB1998/04-11429
|
| 035 |
|
|
|a CLN000011785
|
| 040 |
|
|
|a SNKBUCL
|b slo
|c SNKBUCL
|e AACR2
|
| 041 |
0 |
|
|a slo
|
| 044 |
|
|
|a xo
|c SK
|
| 080 |
|
|
|a 343.289
|2 UDC-MRF-SK2
|
| 080 |
|
|
|a 658.114-051:177.9:347.7
|2 UDC-MRF-SK2
|
| 080 |
|
|
|a 177.9
|2 UDC-MRF-SK2
|
| 080 |
|
|
|a 347.7
|2 UDC-MRF-SK2
|
| 100 |
1 |
|
|a Hučík, Karol
|4 aut
|9 897547
|
| 245 |
1 |
0 |
|a Údaje vo výpise z registra trestov a bezúhonnosť podnikateľa
|c Karol Hučík
|
| 650 |
0 |
7 |
|a register trestov
|x zápisy
|2 snkbucl
|9 897548
|
| 650 |
0 |
7 |
|a podnikatelia
|x bezúhonnosť
|2 snkbucl
|9 897549
|
| 655 |
|
7 |
|a články z novín a časopisov
|2 snkbucl
|9 267496
|
| 773 |
0 |
|
|x 1335-0714
|t Ekonomický a právny poradca podnikateľa
|g Č. 7 (1998), s. 159-164
|
| 850 |
|
|
|a Slovenská národná knižnica v Martine
|
| 852 |
|
|
|a SNK
|b KIS3GCP
|
| 958 |
|
|
|a RBX
|
| 999 |
|
|
|c 1422366
|d 1424296
|